| 000 | 00626nam a2200193Ia 4500 | ||
|---|---|---|---|
| 003 | GCL | ||
| 008 | 140319s9999 xx 000 0 ara d | ||
| 040 |
_aGCL / _cGCL |
||
| 082 | 0 | 4 |
_aق _b910.02962 _bر ج |
| 100 | 1 | _aرفعت الجوهرى | |
| 245 | 1 | 0 |
_aجنة الصحراء: سيوه او واحة امون نواحى مجهوله من البلاد المصرية / _cرفعت الجوهرى |
| 300 | _a230 | ||
| 490 |
_a100 قصة _v0 |
||
| 650 | 0 | 4 | _aالاثار الاسلامية |
| 650 | 0 | 4 | _aالاثار الفرعونية |
| 650 | 0 | 4 | _aسيوة |
| 650 | 0 | 4 | _aالواحات المصرية |
| 942 |
_2ddc _cBK |
||
| 999 |
_c44216 _d44216 |
||